Los sistemas de gravámenes móviles (Record no. 4080)
[ view plain ]
| 000 -CABECERA | |
|---|---|
| campo de control de longitud fija | 00504nam a22001457a 4500 |
| 020 ## - NUMERO INTERNACIONAL NORMALIZADO PARA LIBROS (ISBN) | |
| International Standard Book Number | 9789872413408 |
| 080 ## - NUMERO DE CLASIFICACION DECIMAL UNIVERSAL (CDU) | |
| Número de la Clasificación Decimal Universal | 341.24 IN 7 |
| 100 ## - ASIENTO PRINCIPAL--NOMBRE PERSONAL | |
| Nombre personal | Vila, Facundo |
| 245 ## - MENCION DE TITULO | |
| Título propiamente dicho | Los sistemas de gravámenes móviles |
| Parte restante del título | implicaciones legales y económicas para el comercio exterior argentino |
| 260 ## - PUBLICACION, DISTRIBUCION, ETC. (PIE DE IMPRENTA) | |
| Lugar de publicación, distribución, etc. | Buenos Aires |
| Nombre del editor, distribuidor, etc. | Instituto del Servicio Exterior de la Nación |
| 300 ## - DESCRIPCION FISICA | |
| Extensión | 128 p. |
| 650 ## - ASIENTO SECUNDARIO DE MATERIA - TERMINO TEMATICO | |
| Subdivisión general | gravámenes móviles |
| -- | comercio exterior argentino |
| -- | impacto de comercio |
| 945 ## - INFORMACION DE PROCESAMIENTO LOCAL | |
| Responsable de carga/modificación | Sabrina Cecilia Abram |
| AAAA-MM-DD - Fecha de ingreso/modificación | 2015-06-25 |
| 942 ## - ELEMENTOS AGREGADOS (KOHA) | |
| Clasificación normalizada de Koha para alfabetizar | _ |
| Retirado | Perdido | Dañado | No se presta | Ubicación permanente | Locación actual | Estante o sala | Fecha de adquisición | Total préstamos | Signatura topográfica | Inventario | Ultima fecha vista | Fecha del precio | Tipo de item de Koha |
|---|---|---|---|---|---|---|---|---|---|---|---|---|---|
| Bib. Derecho | Bib. Derecho | Sala de Lectura | 25/06/2015 | 341.24 IN 7 | 202948 | 25/06/2015 | 25/06/2015 | LIBRO (Consulta) |
